000
00307 a2200109 4500
001
ART_30512
005
20260410162003.0
008
260409a
245
1
0
_a
El desafío de las migraciones
100
1
_a
Ancarola, Gerardo
773
0
_t
Foro político
_g
- Vol. XXIII (ago. 1998)
_w
REV30389
999
_c
31484
_d
31484